Álgebra y geometría lineal (Registro nro. 4549)
[ vista simple ]
| 000 -LEADER | |
|---|---|
| fixed length control field | 01923 a2200253 4500 |
| 001 - CONTROL NUMBER | |
| control field | 48110 |
| 005 - DATE AND TIME OF LATEST TRANSACTION | |
| control field | 20260407155747.0 |
| 008 - FIXED-LENGTH DATA ELEMENTS--GENERAL INFORMATION | |
| fixed length control field | 260407a2007 arg spa d |
| 003 - CONTROL NUMBER IDENTIFIER | |
| control field | AR-UNSa-BCEJYS |
| 040 ## - CATALOGING SOURCE | |
| Original cataloging agency | AR-UNSa-BCEJYS |
| Language of cataloging | spa |
| Transcribing agency | AR-UNSa-BCEJYS |
| 080 ## - UNIVERSAL DECIMAL CLASSIFICATION NUMBER | |
| Universal Decimal Classification number | 512.64 |
| Common auxiliary subdivision | Algebra lineal y multilineal |
| 020 ## - INTERNATIONAL STANDARD BOOK NUMBER | |
| International Standard Book Number | 978-84-291-5038-4 |
| 041 ## - LANGUAGE CODE | |
| Language code of text/sound track or separate title | spa |
| 100 1# - MAIN ENTRY--PERSONAL NAME | |
| Personal name | Ríder, Alfonso |
| 245 10 - TITLE STATEMENT | |
| Title | Álgebra y geometría lineal |
| 264 #1 - PRODUCTION, PUBLICATION, DISTRIBUTION, MANUFACTURE, AND COPYRIGHT NOTICE | |
| Place of production, publication, distribution, manufacture | Barcelona : |
| Name of producer, publisher, distributor, manufacturer | Reverté |
| Date of production, publication, distribution, manufacture, or copyright notice | 2007 |
| 300 ## - PHYSICAL DESCRIPTION | |
| Extent | 508 p. |
| Dimensions | 24 cm. |
| 505 ## - FORMATTED CONTENTS NOTE | |
| Formatted contents note | 1. Vectores libres - 2. Espacios vectoriales - 3. Subespacios vectoriales - 4. Sistemas generadores - 5. Espacios de generación finita - 6. Aplicaciones lineales - 7. Suma directa - 8. Dimensión y codimensión de subespacios - 9. Espacios cociente - 10. Subespacios y aplicaciones afines - 11. Matrices y sus operaciones - 12. Rango de una matriz - 13. Determinantes - 14. Aplicaciones lineales en dimensión finita - 15. Sistemas lineales - 16. Dualidad - 17. Trasposición de aplicaciones lineales - 18. Cambios de bases - 19. Equivalencia y semejanza de matrices - 20. Clasificación de endomorfismos lineales. Preliminares - 21. Autovalores y autovectores de un endomorfismo lineal - 22. Triangularización y diagonalización de endomorfismos - 23. Polinomio mínimo de un endomorfismo - 24. Descomposición primaria - 25. Introducción a las formas de Jordán - 26. Endomorfismos nilpotentes - 27. El Teorema de Jordán - 28. Espacios vectoriales complejos - 29. Endomorfismos de espacios reales - 30. Espacios afines - 31. Coordenadas en espacios afines - 32. Aplicaciones afines - 33. El grupo afín. Cambio de coordenadas - 34. Simetrías, traslaciones y homotecias. |
| 590 ## - LOCAL NOTE (RLIN) | |
| Local note | niveau_biblio:m niveau_hierar:0 |
| 700 1# - ADDED ENTRY--PERSONAL NAME | |
| Personal name | Raya, Andrés |
| 700 1# - ADDED ENTRY--PERSONAL NAME | |
| Personal name | Rubio, Rafael |
| 856 41 - ELECTRONIC LOCATION AND ACCESS | |
| Uniform Resource Identifier | <a href="https://www.biblioeco.unsa.edu.ar/pmb/images/libros/L127853.jpg">https://www.biblioeco.unsa.edu.ar/pmb/images/libros/L127853.jpg</a> |
| Link text | Imagen de portada |
| Electronic format type | image/jpeg |
| 942 ## - ADDED ENTRY ELEMENTS (KOHA) | |
| Koha item type | |
| Withdrawn status | Lost status | Damaged status | Not for loan | Home library | Current library | Shelving location | Date acquired | Total checkouts | Full call number | Barcode | Date last seen | Price effective from | Koha item type |
|---|---|---|---|---|---|---|---|---|---|---|---|---|---|
| Biblioteca Prof. Eusebio Cleto del Rey | Biblioteca Prof. Eusebio Cleto del Rey | 07/04/2026 | 512.64 R263 | L127853 | 07/04/2026 | 07/04/2026 | Libro | ||||||
| Biblioteca Prof. Eusebio Cleto del Rey | Biblioteca Prof. Eusebio Cleto del Rey | 07/04/2026 | 512.64 R263 | L128126 | 07/04/2026 | 07/04/2026 | Libro |